| 000 | 00880nam a2200253 i 4500 | ||
|---|---|---|---|
| 001 | 000029886 | ||
| 003 | DO-SdBNP | ||
| 005 | 20240112142232.0 | ||
| 006 | a||||gr|||| 00| 0 | ||
| 007 | ta | ||
| 008 | 110426e1977 dr ao 000 0 spa d | ||
| 040 |
_aDO-SdBNP _bspa _cBNPHU _erda |
||
| 082 | 4 |
_bM313i _222 |
|
| 100 | 1 |
_aMarcano Fondeur, Eugenio de Jesús _956630 _eautor |
|
| 245 | 1 | 0 |
_aInfluencia del hombre sobre la evolución de las "zonas de vida" en la República Dominicana / _cEugenio de Jesús Marcano Fondeur. |
| 264 |
_aSanto Domingo : _bAcademia de Ciencias de la República Dominicana, _c1977. |
||
| 300 |
_a31 páginas : _bIlustraciones, fotografías ; _c19 cm. |
||
| 336 |
_2rdacontent _atexto _btxt |
||
| 337 |
_2rdamedia _asinmediación _bn |
||
| 338 |
_2rdacarrir _avolumen _bnc |
||
| 490 | _aConferencias. | ||
| 590 | _aInventariado 2024 / MF | ||
| 942 |
_2ddc _cLF2 |
||
| 999 |
_c29378 _d29378 |
||